| 000 | 01170cam a2200337 i 4500 | ||
|---|---|---|---|
| 001 | 012615924 | ||
| 003 | EG-ScBUE | ||
| 005 | 20240820120634.0 | ||
| 008 | 030113s2002 enka f b 001 0 eng d | ||
| 020 | _a0415278449 (pbk) | ||
| 020 | _a9780415278447 | ||
| 040 |
_aUkCU _beng _erda _cEG-ScBUE _dUk _dEG-ScBUE |
||
| 041 | 1 |
_aeng _hger |
|
| 082 | 0 | 4 |
_a501 _222 _bPOP |
| 100 | 1 |
_aPopper, Karl R. _q(Karl Raimund), _d1902-1994, _eauthor. _929346 |
|
| 240 | 1 | 0 |
_aLogik der Forschung. _lEnglish |
| 245 | 1 | 4 |
_aThe Logic of scientific discovery / _cKarl Popper. |
| 264 | 1 |
_aOxon ; _aNew York : _bRoutledge, _c2002. |
|
| 300 |
_axxvii, 513 pages : _billustrations ; _c21 cm. |
||
| 336 |
_2rdacontent _atext _btxt |
||
| 337 |
_aunmediated _2rdamedia _bn |
||
| 338 |
_avolume _bnc _2rdacarrier |
||
| 490 | 0 | _aRoutledge classics | |
| 500 | _aFirst English ed. published: London: Hutchinson & Co., 1959. | ||
| 504 | _aIncludes bibliographical references and index. | ||
| 546 | _aText in English ; translated from the original German. | ||
| 650 | 7 |
_aScience _xMethodology. _929348 _2BUEsh |
|
| 653 |
_cMarch2012 _cOctober2016 _bBUSECO |
||
| 655 | _vReading book | ||
| 942 |
_2ddc _cBB |
||
| 999 |
_c16574 _d16574 |
||